000 00685nam a2200289Ia 4500
005 20260324143936.0
008 008 260324s9999 xx 000 0 eng d
020 _a9781315750514
037 _aEBOOK
040 _aCRL
040 _beng
040 _cCRL
041 _2eng
041 _aeng
084 _qCRL
100 _aDavid Jackson
_91186044
245 0 _aUnmasking Masculinity (Routledge Revivals)
245 2 _bA Critical Autobiography
260 _bTaylor and Francis
260 _c1990
365 _a
365 _b255
856 _uhttp://www.taylorfrancis.com/books/9781315750514
942 _cEBOOK
999 _c1823499
_d1823499